[Event "Vienna Advent op"]
[Site "Vienna"]
[Date "2023.12.17"]
[Round "7"]
[White "Anastasakis, Georgios"]
[Black "Gold, Theodor"]
[Result "1/2-1/2"]
[WhiteElo "1805"]
[BlackElo "1900"]
[PlyCount "75"]
[EventDate "2023.12.11"]
[EventType "swiss"]
[EventRounds "7"]
[EventCountry "AUT"]
[SourceTitle "CB51_2023"]
[SourceDate "2023.12.20"]
[SourceVersion "1"]
[SourceVersionDate "2023.12.20"]
[SourceQuality "1"]

1. Nf3 c5 2. g3 Nf6 3. Bg2 d5 4. 0-0 Nc6 5. d3 e6 6. Nbd2 Be7 7. e4 0-0 8. Re1 a6 9. e5 Nd7 10. Nf1 b5 11. h4 Bb7 12. h5 Qc7 13. Bf4 Rfd8 14. N1h2 d4 15. Ng4 Nb4 16. Qd2 Nd5 17. Bg5 N7b6 18. Nh4 Rab8 19. Be4 Bxg5 20. Qxg5 Qe7 21. Qd2 Rf8 22. h6 g6 23. Nf3 f5 24. exf6 Nxf6 25. Nxf6+ Qxf6 26. Bxb7 Rxb7 27. Ng5 e5 28. Re2 Nd7 29. Rae1 c4 30. Ne4 Qe6 31. a3 Rc7 32. Qg5 Rc6 33. Qh4 cxd3 34. cxd3 Qf5 35. Qe7 Rf7 36. Qh4 Rf8 37. Ng5 Rc7 38. Ne4 1/2-1/2